| 000 | 00852nas a2200289 4500 | ||
|---|---|---|---|
| 001 | BR2012007884 | ||
| 003 | BR-BrBNA | ||
| 005 | 20231205121340.0 | ||
| 007 | ta | ||
| 008 | 230509b bl.|||p| |||| 00| 00por d | ||
| 040 |
_aBR-BrBNA _bpor _cBiblioteca Nacional de Agricultura |
||
| 041 | _a(Pt) | ||
| 072 | _aK50 | ||
| 100 | 1 | _aSoares, P.R.C. | |
| 100 | 1 | _aMilan, M. | |
| 100 | 1 | _aJankowsky, I.P. | |
| 100 | 1 | _aMaciel, A.J. da S. | |
| 100 | 1 | _aKanieski, M.R. | |
| 245 | 1 | _aPontos críticos do processo de produção de pisos maciços de madeira | |
| 650 | _aMADEIRA | ||
| 650 | _aQUALIDADE | ||
| 650 | _aPROCESSAMENTO | ||
| 650 | _aINDÚSTRIA FLORESTAL | ||
| 773 | 0 |
_tCiência Florestal (Brazil) _xISSN 0103-9954 _g(Apr-Jun 2012), v. 22(2) p. 353-363 _wBR2012007884 |
|
| 909 |
_a202311 _bLúcia _c55 _dLúcia Elande |
||
| 942 |
_2AGRIS _n0 _cANA |
||
| 999 |
_c223087 _d223087 |
||